000 01589cam a22004574i 4500
003 PE-LiUPU
005 20250731173032.0
008 150623s r 000 0 d
020 _a0198269587
035 _a(Sirsi) i9780198269588
040 _aPE-LiUPU
_bspa
_cPE-LiUPU
_erda
049 _aPRUA
082 0 4 _a222.1066
_bN54
_221
100 1 _aNicholson, Ernest,
_eautor.
245 1 4 _aThe pentateuch in the twentieth century :
_bThe legacy of julius wellhausen /
_cErnest Nicholson.
264 1 _aNew York, NY :
_bClarendon Press Oxford,
_c1998.
300 _a294 páginas ;
_c23 centímetros
336 _atext
_2rdacontent
337 _aunmediated
_2rdamedia
338 _avolume
_2rdacarrier
504 _aIncluye bibliografía.
505 0 _aFrom Julius Wellhausen to Martin Noth. -The problem of the Pentateuch in current research.
526 _aSEG42
526 _aSEG41
526 _aSEG40
526 _aSEG39
526 _aP94
526 _aP87
526 _aP86
526 _aP85
526 _aP77
526 _aP76
526 _aP35
630 _aBiblia.
_pA.T.
_pPentateuco
_xCrítica, interpretación, etc.
942 _2ddc
_cBOOK
949 _a222.1066 N54
_wDEWEY
_c1
_i48170
_lCCODEBUL1
_mBUL
_r0
_sY
_tBOOK
_u2015-6-24
_xTEOLOGIA
_PP35
_0COMPRA
_o.STAFF. Colección General
994 _aC0
_bPEPRU
596 _a1
999 _a222.1066 N54
_wDEWEY
_c25145
_i48170
_d25145
_f2021-11-9
_g5
_lCCODEBUL1
_mBUL
_q1
_r0
_sY
_tBOOK
_u2015-6-24
_xTEOLOGIA
_PP35
_0COMPRA
_o.STAFF. Colección General
980 _81
_gALBERTO SANCHEZ Responsable de Automatización